000 009460000a22002410004500
020 _a84-7057-467-1
041 0 _aspa fre
082 0 4 _aG 230.0415 D1868t
100 1 _aDaniélou, Jean 1905-1974
245 1 0 _aTeología del judeocristianismo / Jean Daniélou ; traducido por Antonio Esquivias Villalobos
260 _aMadrid : Cristiandad
300 _a540 p. 23 cm
440 0 _aCol. Literatura Cristiana Antigua y Medieval
500 _aTítulo original en francés: Theologie du judéo-christianisme
504 _aBibliografía: p. [481]-495. Índice
505 0 0 _aLa fuentes -- El ambiente intelectual -- Las doctrinas -- Las instituciones
650 1 4 _aTEOLOGIA DOGMATICA - HISTORIA - SIGLO I - VI \ JUDIOS - HISTORIA - HASTA 586 A.C. \ CRISTIANISMO - HISTORIA - SIGLO I - VI
001 17918
942 _cBK
999 _c44412
_d44412
336 _atexto
_btxt
_2rdacontent
337 _2rdamedia
_asin mediación
_bn
338 _2rdacarrier
_avolumen
_bnc